Historia del pensamiento político

Պահպանված է:
Մատենագիտական մանրամասներ
Հիմնական հեղինակ: Fayt, Carlos S (Հեղինակ)
Ձևաչափ: Գիրք
Լեզու:իսպաներեն
Հրապարակվել է: Buenos Aires Plus Ultra 1973
Խորագրեր:
Ցուցիչներ: Ավելացրեք ցուցիչ
Չկան պիտակներ, Եղեք առաջինը, ով նշում է այս գրառումը!

MARC

LEADER 00000nam a2200000 a 4500
001 UCW8225
003 CL-VaPUC
005 20211214074151.0
008 880720e19730000AG |||||||||||||||||spa|d
999 |c 220678  |d 220676 
040 |c Pontificia Universidad Católica de Valparaíso 
082 0 4 |a 320.09 FAY 1973  |2 21 
100 0 |a Fayt, Carlos S  |e author  |9 313359 
245 1 0 |a Historia del pensamiento político 
260 |a Buenos Aires  |b Plus Ultra  |c 1973 
300 |a volúmenes 
500 |a v.1: El pensamiento político en Grecia: lecciones sobre historia de las ideas políticas 
500 |a v.2: El pensamiento político en Roma: lecciones sobre historia de las ideas políticas 
500 |a v.7: El estado liberal moderno 
583 |a last modification  |c 19880720 00:00:00  |k Rodrigo Vera 
650 0 |a Política  |9 255312 
650 0 |a Historia  |9 255047 
651 0 |a Roma   |9 255106 
651 0 |a Grecia  |9 265314 
942 |c BK  |2 ddc 
945 |d 19880720 00:00:00 
952 |0 0  |1 0  |4 0  |6 320_090000000000000_FAY_1973  |7 0  |8 A  |9 213209  |a BIBHIS  |b BIBHIS  |d 2019-11-15  |h v.1  |i 2815265  |o 320.09 FAY 1973  |p 2815265  |r 2025-01-20  |w 2019-11-15  |y BK  |k HIS 
952 |0 0  |1 0  |4 0  |6 320_090000000000000_FAY_1973  |7 0  |8 A  |9 213210  |a BIBHIS  |b BIBHIS  |d 2019-11-15  |h v.2  |i 2815273  |o 320.09 FAY 1973  |p 2815273  |r 2025-01-20  |w 2019-11-15  |y BK  |k HIS 
952 |0 0  |1 0  |4 0  |6 320_090000000000000_FAY_1973  |7 0  |8 A  |9 213211  |a BIBHIS  |b BIBHIS  |d 2019-11-15  |h v.7  |i 2815281  |o 320.09 FAY 1973  |p 2815281  |r 2025-01-20  |w 2019-11-15  |y BK  |k HIS